000 00359nam a2200157Ia 4500
005 20250423100051.0
008 250422s9999 xx 000 0 und d
020 _a978-978-304749-8
100 _aMainoma, M.A.
245 0 _aManagement accounting techniques
260 _aNasarawa
260 _bOnaivi
260 _c2010
300 _a286 p
942 _cBK
999 _c32187
_d32187